[Event "TUR Cup										"]
[Site "Antalya"]
[Date "2018.02.02"]
[Round "10"]
[White "Bugdayci, Mustafa"]
[Black "Celik, Cem Akin"]
[Result "0-1"]
[WhiteElo "1550"]
[BlackElo "1546"]
[PlyCount "84"]
[EventDate "2018.01.27"]
[EventType "swiss"]
[EventRounds "11"]
[EventCountry "TUR"]
[SourceTitle "CBM 182 Extra"]
[Source "ChessBase"]
[SourceDate "2018.02.23"]
[SourceVersion "1"]
[SourceVersionDate "2018.02.23"]
[SourceQuality "1"]

1. d4 d5 2. Nf3 Nf6 3. Bg5 e6 4. e3 c5 5. c3 Nc6 6. Nbd2 a6 7. Bd3 Bd7 8. Qc2 h6 9. Bh4 cxd4 10. exd4 Rc8 11. a3 b5 12. 0-0 Be7 13. b4 0-0 14. Nb3 a5 15. Nc5 Bxc5 16. dxc5 Re8 17. Bxb5 Nxb4 18. axb4 Bxb5 19. Rxa5 Bxf1 20. Kxf1 Ra8 21. Ra2 Qc7 22. Bg3 Qb7 23. Be5 Rxa2 24. Qxa2 Ra8 25. Qb2 Qb5+ 26. Ke1 Ne4 27. Nd4 Qd3 28. Nb3 f6 29. Nc1 Qb5 30. f3 Nxc5 31. Bd4 Nd7 32. Qe2 Qc6 33. Nb3 e5 34. Bc5 e4 35. f4 Qa4 36. Qd1 Qc6 37. b5 Qb7 38. b6 Ra2 39. Qd4 Kh8 40. Qb4 Rb2 41. Qa3 Nxc5 42. Qxb2 Nd3+ 0-1

[Event "TUR Cup										"]
[Site "Antalya"]
[Date "2018.02.01"]
[Round "8"]
[White "Bugdayci, Mustafa"]
[Black "Duman, Mehmet Cemil"]
[Result "1/2-1/2"]
[WhiteElo "1550"]
[BlackElo "1400"]
[PlyCount "94"]
[EventDate "2018.01.27"]
[EventType "swiss"]
[EventRounds "11"]
[EventCountry "TUR"]
[SourceTitle "CBM 182 Extra"]
[Source "ChessBase"]
[SourceDate "2018.02.23"]
[SourceVersion "1"]
[SourceVersionDate "2018.02.23"]
[SourceQuality "1"]

1. d4 d5 2. Nf3 Nf6 3. c4 Bg4 4. Ne5 Bh5 5. f3 e6 6. g4 Bg6 7. Nc3 Bd6 8. h4 h6 9. Nxg6 fxg6 10. Rh3 Qd7 11. c5 Bf8 12. Bf4 a6 13. Qc2 Qf7 14. e3 Nc6 15. a3 Nd7 16. Bd3 0-0-0 17. Bh2 Be7 18. 0-0-0 g5 19. h5 Qf6 20. Qa4 Ndb8 21. Bf1 g6 22. hxg6 Qxg6 23. b4 h5 24. b5 axb5 25. Nxb5 hxg4 26. Rxh8 Rxh8 27. Bxc7 gxf3 28. Bg3 g4 29. Na7+ Kd7 30. Qb5 Ke8 31. Bxb8 g3 32. Nxc6 bxc6 33. Qxc6+ Kf7 34. Bxg3 Qxg3 35. Qa6 f2 36. Qd3 Bg5 37. Kd2 Rh4 38. Rb1 Re4 39. c6 Kf6 40. Rb3 Qc7 41. Qb5 Rxd4+ 42. Ke2 Rc4 43. Qb6 Qxc6 44. Qd8+ Kg6 45. Qg8+ Kf6 46. Qd8+ Kg6 47. Qg8+ Kf6 1/2-1/2

[Event "TUR Cup										"]
[Site "Antalya"]
[Date "2018.01.30"]
[Round "5"]
[White "Ari, Ahmet"]
[Black "Bugdayci, Mustafa"]
[Result "1-0"]
[WhiteElo "1640"]
[BlackElo "1550"]
[PlyCount "87"]
[EventDate "2018.01.27"]
[EventType "swiss"]
[EventRounds "11"]
[EventCountry "TUR"]
[SourceTitle "CBM 182 Extra"]
[Source "ChessBase"]
[SourceDate "2018.02.23"]
[SourceVersion "1"]
[SourceVersionDate "2018.02.23"]
[SourceQuality "1"]

1. e4 c5 2. Nc3 Nc6 3. f4 d6 4. Nf3 Bg4 5. Bc4 e6 6. 0-0 a6 7. Be2 g6 8. b3 Bg7 9. Bb2 Bxf3 10. Bxf3 Nd4 11. Kh1 h5 12. Ne2 e5 13. Nxd4 cxd4 14. f5 g5 15. Bxh5 Nf6 16. Bf3 g4 17. Bxg4 Nxe4 18. Qe1 Qh4 19. Bh3 Qxe1 20. Raxe1 d5 21. d3 Ng5 22. f6 Bxf6 23. Rxf6 Ke7 24. Rf5 f6 25. Ba3+ Kf7 26. Rexe5 Nxh3 27. gxh3 Rag8 28. Re7+ Kg6 29. Rf3 Rc8 30. Re2 f5 31. Rg2+ Kf6 32. Bb2 Ke6 33. Bxd4 Rh5 34. c3 b5 35. Rg6+ Ke7 36. Re3+ Kd7 37. Rxa6 f4 38. Ra7+ Kd6 39. Rf3 Re8 40. Rxf4 Re1+ 41. Kg2 Rg5+ 42. Kf2 Re6 43. Ra6+ Ke7 44. Bf6+ 1-0

[Event "TUR Cup"]
[Site "Antalya"]
[Date "2017.02.02"]
[Round "8"]
[White "Akkok, Durdu"]
[Black "Bugdayci, Mustafa"]
[Result "1-0"]
[WhiteElo "1795"]
[BlackElo "1588"]
[PlyCount "115"]
[EventDate "2017.01.28"]
[EventType "swiss"]
[EventRounds "11"]
[EventCountry "TUR"]
[SourceTitle "CBM 176 Extra"]
[Source "ChessBase"]
[SourceDate "2017.03.02"]
[SourceVersion "1"]
[SourceVersionDate "2017.03.02"]
[SourceQuality "1"]

1. e4 c5 2. Nf3 g6 3. Nc3 Bg7 4. Be2 Nc6 5. d3 d6 6. Bg5 Be6 7. Qc1 h6 8. Be3 Nf6 9. Rb1 Ng4 10. Bd2 a6 11. Nd5 Bxd5 12. exd5 Nb4 13. c4 Nxa2 14. Qd1 Nb4 15. Bc3 0-0 16. h4 e6 17. Ng5 Nxf2 18. Kxf2 hxg5 19. h5 Bd4+ 20. Bxd4 cxd4 21. Rh3 Qf6+ 22. Rf3 Qe5 23. g4 Qh2+ 24. Ke1 exd5 25. Qd2 Rae8 26. Rf2 Qg1+ 27. Rf1 Qe3 28. Qxe3 Rxe3 29. Kd2 Rfe8 30. Rf2 dxc4 31. dxc4 gxh5 32. gxh5 f5 33. Rg1 g4 34. Bd1 Rd3+ 35. Kc1 Re5 36. Rf4 b5 37. cxb5 Rc5+ 38. Kb1 axb5 39. b3 g3 40. Kb2 Rd2+ 41. Ka3 Rxd1 42. Rxd1 Nc2+ 43. Kb2 g2 44. Rg1 Ne3 45. Rxd4 Rc2+ 46. Ka3 Rf2 47. Rxd6 Rf1 48. Rg6+ Kh7 49. R6xg2 Rxg1 50. Rxg1 Kh6 51. Kb4 Kxh5 52. Kxb5 f4 53. Kc5 f3 54. b4 f2 55. Rh1+ Kg4 56. b5 Kg3 57. b6 Kg2 58. Rc1 1-0

[Event "TUR Cup"]
[Site "Antalya"]
[Date "2017.02.02"]
[Round "9"]
[White "Bugdayci, Mustafa"]
[Black "Kilic, Selin"]
[Result "1-0"]
[WhiteElo "1588"]
[BlackElo "1433"]
[PlyCount "99"]
[EventDate "2017.01.28"]
[EventType "swiss"]
[EventRounds "11"]
[EventCountry "TUR"]
[SourceTitle "CBM 176 Extra"]
[Source "ChessBase"]
[SourceDate "2017.03.02"]
[SourceVersion "1"]
[SourceVersionDate "2017.03.02"]
[SourceQuality "1"]

1. d4 d5 2. Nf3 Nf6 3. Bf4 e6 4. e3 c5 5. Bxb8 Rxb8 6. c3 Bd6 7. Nbd2 0-0 8. Bd3 c4 9. Bc2 b5 10. Ng5 Qc7 11. Qf3 h6 12. h4 e5 13. Bf5 exd4 14. exd4 Re8+ 15. Kf1 Qe7 16. g4 Bxf5 17. gxf5 b4 18. Kg2 Qe2 19. Qxe2 Rxe2 20. Ngf3 bxc3 21. bxc3 Bf4 22. Rhe1 Rbe8 23. Kf1 Rxd2 24. Nxd2 Bxd2 25. Rxe8+ Nxe8 26. Rb1 Bxc3 27. Rb8 Kf8 28. Rd8 Bb2 29. Rxd5 c3 30. Rc5 Ke7 31. Ke2 Kd6 32. Kd3 Nf6 33. f3 Nh5 34. Ra5 Nf4+ 35. Kc2 Ne2 36. Rxa7 Nxd4+ 37. Kb1 c2+ 38. Kxb2 Nxf5 39. Kxc2 Ke6 40. h5 Nd4+ 41. Kd3 Nxf3 42. a4 g5 43. hxg6 fxg6 44. Ke4 Ne5 45. Ra6+ Kf7 46. Kxe5 h5 47. Rf6+ Kg7 48. a5 h4 49. a6 h3 50. a7 1-0

[Event "TUR Cup"]
[Site "Antalya"]
[Date "2017.02.01"]
[Round "7"]
[White "Bugdayci, Mustafa"]
[Black "Kansal, Cagin"]
[Result "1/2-1/2"]
[WhiteElo "1588"]
[BlackElo "1793"]
[PlyCount "41"]
[EventDate "2017.01.28"]
[EventType "swiss"]
[EventRounds "11"]
[EventCountry "TUR"]
[SourceTitle "CBM 176 Extra"]
[Source "ChessBase"]
[SourceDate "2017.03.02"]
[SourceVersion "1"]
[SourceVersionDate "2017.03.02"]
[SourceQuality "1"]

1. d4 d5 2. Nf3 Nf6 3. c4 e6 4. Bg5 Be7 5. e3 0-0 6. Nc3 h6 7. Bh4 b6 8. cxd5 exd5 9. Bd3 c5 10. Rc1 Nbd7 11. 0-0 Bb7 12. Qc2 Rc8 13. Bf5 cxd4 14. Nxd4 Ne4 15. Bxe7 Qxe7 16. Bxe4 dxe4 17. Qa4 a6 18. Nf5 Qe6 19. Nd4 Qe8 20. Nf5 Qe6 21. Nd4 1/2-1/2

[Event "TUR Cup"]
[Site "Antalya"]
[Date "2017.01.31"]
[Round "6"]
[White "Ozturk, Oguzhan"]
[Black "Bugdayci, Mustafa"]
[Result "0-1"]
[WhiteElo "1385"]
[BlackElo "1588"]
[PlyCount "94"]
[EventDate "2017.01.28"]
[EventType "swiss"]
[EventRounds "11"]
[EventCountry "TUR"]
[SourceTitle "CBM 176 Extra"]
[Source "ChessBase"]
[SourceDate "2017.03.02"]
[SourceVersion "1"]
[SourceVersionDate "2017.03.02"]
[SourceQuality "1"]

1. d4 d5 2. Nc3 c6 3. Nf3 e6 4. a3 Bd6 5. Bg5 Ne7 6. e3 f6 7. Bh4 Nf5 8. Bg3 Nxg3 9. hxg3 Nd7 10. Bd3 Nf8 11. Nh4 f5 12. g4 g5 13. Nf3 fxg4 14. Ne5 Bxe5 15. dxe5 h5 16. Be2 Ng6 17. Qd4 Qb6 18. 0-0-0 Qxd4 19. exd4 Bd7 20. Rh2 0-0-0 21. Rdh1 Nf4 22. Bxg4 Nxg2 23. Rxh5 Rxh5 24. Rxh5 Rg8 25. Ne2 Nf4 26. Nxf4 gxf4 27. f3 Kc7 28. Rh6 a5 29. Kd2 c5 30. c3 c4 31. Ke2 Kd8 32. Kf2 Ke7 33. Rh7+ Ke8 34. Rh6 Ke7 35. Kg2 b5 36. Rf6 b4 37. axb4 axb4 38. Rh6 bxc3 39. Rh7+ Kd8 40. bxc3 Kc7 41. Kf2 Kc6 42. Ke2 Ra8 43. Rh6 Ra2+ 44. Kd1 Kc7 45. Bxe6 Ra6 46. Rf6 Bxe6 47. Rxf4 Kd7 0-1

[Event "Manavgat Turkey Cup"]
[Site "Manavgat"]
[Date "2016.02.04"]
[Round "9"]
[White "Dogan, Halit"]
[Black "Bugdayci, Mustafa"]
[Result "0-1"]
[WhiteElo "1493"]
[BlackElo "1682"]
[PlyCount "130"]
[EventDate "2016.01.30"]
[EventType "swiss"]
[EventRounds "11"]
[EventCountry "TUR"]
[SourceTitle "CBM 170 Extra"]
[Source "ChessBase"]
[SourceDate "2016.02.25"]
[SourceVersion "1"]
[SourceVersionDate "2016.02.25"]
[SourceQuality "1"]

1. Nf3 Nf6 2. b3 c5 3. Bb2 Nc6 4. e3 a6 5. d4 cxd4 6. exd4 d5 7. c4 Bg4 8. Nbd2 e6 9. Be2 Bd6 10. 0-0 Rc8 11. Ne5 Bxe2 12. Qxe2 Bb8 13. Ndf3 Ne4 14. h3 f6 15. Ng4 h5 16. Ne3 Ne7 17. Rfe1 Qd6 18. cxd5 exd5 19. Nxd5 Qxd5 20. Qxe4 Qxe4 21. Rxe4 Rc2 22. Ba3 0-0 23. Rxe7 Rfc8 24. Rae1 Bf4 25. Re8+ Rxe8 26. Rxe8+ Kh7 27. Re1 Rxa2 28. Bc5 a5 29. d5 Rb2 30. d6 Rxb3 31. Rd1 a4 32. d7 Bc7 33. Be7 a3 34. Bxa3 Rxa3 35. d8Q Bxd8 36. Rxd8 Rb3 37. Nd2 Rb2 38. Kf1 Kg6 39. Ke2 Ra2 40. g3 h4 41. g4 Ra1 42. Nf1 b5 43. Rd1 Ra3 44. f3 b4 45. Rb1 Ra4 46. Rb3 Kg5 47. Ke3 f5 48. f4+ Kf6 49. g5+ Ke6 50. Kd4 Ra3 51. Kc4 Rxb3 52. Kxb3 Kd5 53. Ne3+ Ke4 54. Ng2 Kf3 55. Nxh4+ Kxf4 56. g6 Kg5 57. Nxf5 Kxf5 58. Kxb4 Kxg6 59. Kc5 Kf5 60. Kd5 g5 61. Kd4 Kf4 62. Kd3 Kg3 63. Kd2 Kf2 64. Kd3 Kg3 65. h4 gxh4 0-1

[Event "Manavgat Turkey Cup"]
[Site "Manavgat"]
[Date "2016.02.01"]
[Round "4"]
[White "Bugdayci, Mustafa"]
[Black "Unsac, Yucel"]
[Result "0-1"]
[WhiteElo "1682"]
[BlackElo "1265"]
[PlyCount "122"]
[EventDate "2016.01.30"]
[EventType "swiss"]
[EventRounds "11"]
[EventCountry "TUR"]
[SourceTitle "CBM 170 Extra"]
[Source "ChessBase"]
[SourceDate "2016.02.25"]
[SourceVersion "1"]
[SourceVersionDate "2016.02.25"]
[SourceQuality "1"]

1. d4 d5 2. Nf3 Nf6 3. Nbd2 e6 4. e3 c5 5. c3 c4 6. Be2 Bd6 7. Ne5 Nbd7 8. f4 0-0 9. Ndf3 Ne4 10. Qc2 Nxe5 11. fxe5 Be7 12. g3 Qc7 13. Nd2 Nxd2 14. Bxd2 f6 15. exf6 Bxf6 16. 0-0-0 Qa5 17. Kb1 Bd7 18. Rdf1 b5 19. e4 Be7 20. exd5 exd5 21. Bf3 Be6 22. Bg2 Rad8 23. Ka1 Qb6 24. h4 a5 25. Bg5 Bxg5 26. hxg5 g6 27. Rf4 Rxf4 28. gxf4 b4 29. Bh3 Bxh3 30. Rxh3 Qe6 31. Rh1 Re8 32. Rf1 Qe1+ 33. Rxe1 Rxe1+ 34. Qb1 Rxb1+ 35. Kxb1 Kf7 36. Kc2 Ke6 37. Kd2 Kf5 38. Ke3 bxc3 39. bxc3 Kg4 40. a4 Kg3 41. Ke2 Kxf4 42. Kf2 Kxg5 43. Kg3 Kf5 44. Kf3 h5 45. Kg3 g5 46. Kh3 h4 47. Kh2 g4 48. Kg2 Ke4 49. Kf2 Kd3 50. Kg2 Kxc3 51. Kf2 Kxd4 52. Ke2 c3 53. Kd1 h3 54. Ke1 h2 55. Kf2 h1Q 56. Kg3 Qh3+ 57. Kf4 Qf3+ 58. Kg5 g3 59. Kh6 g2 60. Kg5 g1R+ 61. Kh4 Rh1+ 0-1

[Event "Manavgat Turkey Cup"]
[Site "Manavgat"]
[Date "2016.01.31"]
[Round "2"]
[White "Bugdayci, Mustafa"]
[Black "Turkkan, Kerem"]
[Result "0-1"]
[WhiteElo "1682"]
[BlackElo "1382"]
[PlyCount "72"]
[EventDate "2016.01.30"]
[EventType "swiss"]
[EventRounds "11"]
[EventCountry "TUR"]
[SourceTitle "CBM 170 Extra"]
[Source "ChessBase"]
[SourceDate "2016.02.25"]
[SourceVersion "1"]
[SourceVersionDate "2016.02.25"]
[SourceQuality "1"]

1. d4 d5 2. Nf3 Nf6 3. Bg5 Ne4 4. Bf4 Bf5 5. e3 Nd7 6. Nh4 e6 7. Nxf5 exf5 8. f3 Nef6 9. Bd3 g6 10. Nd2 Nh5 11. Bg3 Nxg3 12. hxg3 h5 13. f4 h4 14. Nf3 Be7 15. Qd2 Bf6 16. 0-0-0 hxg3 17. Rxh8+ Bxh8 18. Rh1 Bf6 19. Qe1 Qe7 20. Ne5 Nxe5 21. dxe5 Bh4 22. c4 dxc4 23. Bxc4 0-0-0 24. Qa5 Kb8 25. Bxf7 Qxf7 26. Rxh4 Qc4+ 27. Qc3 Qf1+ 28. Kc2 Qxg2+ 29. Kb3 Qd5+ 30. Ka3 g2 31. Rh7 Qd3 32. Qxd3 Rxd3+ 33. b3 b6 34. e6 Rxe3 35. e7 Kb7 36. Rh3 g1Q 0-1

[Event "Manavgat Turkey Cup"]
[Site "Manavgat"]
[Date "2015.02.05"]
[Round "8"]
[White "Bugdayci, Mustafa"]
[Black "Kocyigit, Buse Naz"]
[Result "0-1"]
[WhiteElo "1729"]
[BlackElo "1391"]
[PlyCount "74"]
[EventDate "2015.01.31"]
[EventType "swiss"]
[EventRounds "11"]
[EventCountry "TUR"]
[SourceTitle "CBM 164 Extra"]
[Source "ChessBase"]
[SourceDate "2015.03.02"]
[SourceVersion "1"]
[SourceVersionDate "2015.03.02"]
[SourceQuality "1"]

1. d4 d5 2. Nf3 Nf6 3. Bf4 e6 4. e3 c5 5. Be2 Nc6 6. 0-0 Be7 7. c4 dxc4 8. Bxc4 0-0 9. Nc3 cxd4 10. exd4 Qb6 11. Nb5 Nd5 12. Bxd5 Qxb5 13. Bb3 Rd8 14. Rc1 Na5 15. Bc7 Nxb3 16. axb3 Re8 17. Re1 f6 18. Re3 Bd7 19. Bf4 Bb4 20. h3 Bc6 21. Qc2 Bxf3 22. Rxf3 Rac8 23. Qxc8 Rxc8 24. Rxc8+ Kf7 25. Rc7+ Kf8 26. Rg3 g5 27. Be3 Bd6 28. Rc8+ Kf7 29. Rf3 Qxb3 30. g3 h6 31. Kg2 Qxb2 32. Rh8 Bf8 33. h4 Kg7 34. Rxh6 Kf7 35. Rh7+ Kg8 36. Rc7 b5 37. g4 a5 0-1

[Event "Manavgat Turkey Cup"]
[Site "Manavgat"]
[Date "2015.02.02"]
[Round "4"]
[White "Bugdayci, Mustafa"]
[Black "Kukul, Yigit"]
[Result "1-0"]
[WhiteElo "1729"]
[BlackElo "1375"]
[PlyCount "57"]
[EventDate "2015.01.31"]
[EventType "swiss"]
[EventRounds "11"]
[EventCountry "TUR"]
[SourceTitle "CBM 164 Extra"]
[Source "ChessBase"]
[SourceDate "2015.03.02"]
[SourceVersion "1"]
[SourceVersionDate "2015.03.02"]
[SourceQuality "1"]

1. Nf3 Nf6 2. c4 c6 3. Nc3 d5 4. cxd5 cxd5 5. d4 a6 6. Bg5 e6 7. e3 Be7 8. Bd3 Nc6 9. a3 h6 10. Bxf6 Bxf6 11. Rc1 Rb8 12. 0-0 0-0 13. Ne2 Re8 14. b4 e5 15. Bxa6 e4 16. Ne1 Nxd4 17. Nxd4 Bxd4 18. Bb5 Bxe3 19. fxe3 Re5 20. Qd4 Rh5 21. Be2 Rg5 22. h4 Rg6 23. Bh5 Rf6 24. Rxf6 gxf6 25. g3 Qd6 26. Kh2 Be6 27. Qxf6 Ra8 28. Bxf7+ Kf8 29. Bxe6+ 1-0

[Event "Gebze op 5th"]
[Site "Kocaeli"]
[Date "2014.09.21"]
[Round "3"]
[White "Yasin, Hur"]
[Black "Bugdayci, Mustafa"]
[Result "1-0"]
[WhiteElo "2072"]
[BlackElo "1666"]
[PlyCount "63"]
[EventDate "2014.09.20"]
[EventType "swiss"]
[EventRounds "9"]
[EventCountry "TUR"]
[SourceTitle "CBM 162 Extra"]
[Source "ChessBase"]
[SourceDate "2014.10.17"]
[SourceVersion "1"]
[SourceVersionDate "2014.10.17"]
[SourceQuality "1"]

1. e4 c5 2. Nf3 g6 3. d4 cxd4 4. Nxd4 Nc6 5. Nc3 Bg7 6. Be3 Nf6 7. Bc4 Nxe4 8. Nxe4 d5 9. Nxc6 bxc6 10. Ng5 Bxb2 11. Bd3 f6 12. Nxh7 Rxh7 13. Bxg6+ Rf7 14. Rb1 Bc3+ 15. Kf1 Ba6+ 16. Kg1 e5 17. Qh5 Qe7 18. Qh8+ Qf8 19. Qxf6 Rc8 20. Bg5 Kd7 21. Bxf7 Qd6 22. Qf5+ Kc7 23. Be6 Rd8 24. Bxd8+ Qxd8 25. h4 Bc4 26. Rh3 Bxa2 27. Qf7+ Kd6 28. Rb7 Kc5 29. Rxc3+ Bc4 30. Rh3 a5 31. Qf3 e4 32. Qe3+ 1-0

[Event "Gebze op 5th"]
[Site "Kocaeli"]
[Date "2014.09.20"]
[Round "1"]
[White "Darban Vaighani, Morteza"]
[Black "Bugdayci, Mustafa"]
[Result "1-0"]
[WhiteElo "2365"]
[BlackElo "1666"]
[PlyCount "73"]
[EventDate "2014.09.20"]
[EventType "swiss"]
[EventRounds "9"]
[EventCountry "TUR"]
[SourceTitle "CBM 162 Extra"]
[Source "ChessBase"]
[SourceDate "2014.10.17"]
[SourceVersion "1"]
[SourceVersionDate "2014.10.17"]
[SourceQuality "1"]

1. e4 c5 2. Nf3 g6 3. d4 cxd4 4. Nxd4 Nc6 5. Nc3 Bg7 6. Nb3 a6 7. g3 d6 8. Bg2 Nf6 9. Nd5 Nxd5 10. exd5 Ne5 11. h3 0-0 12. 0-0 Bd7 13. Re1 Rc8 14. Nd4 Nc4 15. c3 Re8 16. b3 Na5 17. c4 b5 18. cxb5 axb5 19. Bb2 Nb7 20. Qd2 Qb6 21. h4 h5 22. Rac1 Rxc1 23. Rxc1 Rc8 24. Rxc8+ Bxc8 25. Nc6 Bf8 26. Qc3 f6 27. Nxe7+ Bxe7 28. Qxc8+ Nd8 29. Qd7 Qb7 30. Qxb7 Nxb7 31. b4 f5 32. f4 Kf7 33. Bf1 Bf6 34. Bxf6 Kxf6 35. Bxb5 Ke7 36. a4 Kd8 37. Kf2 1-0